Princesses Disney par tenue - Statistiques

Statistiques générales
  • Ce quiz a été pris 271 fois
  • Le résultat moyen est 14 sur 15
Statistiques - réponses
Par images Réponse % Correct
Blanche neige
99%
Mulan
98%
Elsa
97%
Raiponce
97%
Belle
96%
Anna
95%
Cendrillon
95%
Jasmine
95%
Aurore
94%
Vaiana
93%
Tiana
90%
Pocahontas
88%
Mérida
82%
Ariel
75%
Raya
69%
Aucun quiz correspondant
Distribution des résultats
% des personnes avec chaque résultat
Percentile par nombre de réponses
Votre historique - résultats
Vous n’avez pas pris ce quiz